000 00269nam a22001217a 4500
008 170904b xxu||||| |||| 00| 0 eng d
041 _aeng
080 _a070
100 _a40
101 _aMED
245 _aCOMPETENCEIN COMMUNICATION
_cBOSTROM.R.N
942 _2udc
_cBK
999 _c26030
_d26030